00483nam a2200193 a 4500001001300000003000900013005001700022008004100039020000800080082001500088100002400103245001900127260003500146300000900181500003500190505002200225650002300247650001900270nice12345678IN_TiNIC20260116011906.0050524s1968 dela grp 000 0 urd  ac500a954.8bABU aAbu Talib, Isfahani aTarikh-E-Asifi aDelhibIdarah Subah Adabc1968 a173p aincludes index and biblioraphy2 aVarious Documents aTafzihul Ghafileen aDeccan-History